Die 10 größten Frachtairlines der Welt - Statistiken

Allgemein
  • Dieses Quiz wurde 35 mal gespielt
  • Das Durchschnittsergebnis liegt bei 4 aus 10
Antwortstatistiken
Tonnenkilometer
transportiert
Airline % Korrekt
19,66 Mrd. FedEx
87%
14,37 Mrd. UPS
73%
9,57 Mrd. Emirates
63%
7,35 Mrd. Cargolux
43%
13,74 Mrd. Qatar Airways
43%
6,59 Mrd. China Southern
30%
6,98 Mrd. Turkish Airlines
30%
8,14 Mrd. Cathay Pacific
20%
8,1 Mrd. Korean Air
17%
6,32 Mrd. China Airlines
13%
Keine übereinstimmenden Quizze gefunden
Verteilung der Resultate
Anzahl Personen mit jedem Resultat
Perzentil nach korrekt beantworteten Fragen
Ihre Resultats-Entwicklung
Sie haben dieses Quiz noch nicht gespielt